000
00306nam a22001337a 4500
003
SGT
082
_a
617.525
_b
S14K
100
_a
KISHOR, KRISHNA
245
_a
SALIVARY GLAND TUMORS
260
_a
DELHI NCR
_b
SGT UNIVERSITY GURUGRAM
_c
2014
300
_a
1-101
650
_a
ORAL SURGERY
942
_2
ddc
_c
TH
999
_c
18575
_d
18575